UK Select Committee Chairs - Statistics

General Stats
  • This quiz has been taken 7 times
  • The average score is 8 of 28
Answer Stats
Select Committee Chair % Correct
Exiting the European Union Hilary Benn
100%
Health and Social Care Jeremy Hunt
100%
Defence Tobias Ellwood
100%
Home Affairs Yvette Cooper
100%
Business, Energy and Industrial Strategy Rachel Reeves
67%
Foreign Affairs Tom Tugendhat
67%
International Trade Angus Brendan MacNeil
33%
Backbench Business Ian Mearns
33%
Procedure Karen Bradley
33%
Education Robert Halfon
33%
International Development Sarah Champion
33%
Justice Sir Robert Neill
33%
Welsh Affairs Stephen Crabb
33%
Women and Equalities Caroline Nokes
0%
Petitions Catherine McKinnell
0%
Housing, Communities and Local Government Clive Betts
0%
Science and Technology Greg Clark
0%
Transport Huw Merriman
0%
Digital, Culture, Media and Sport Julian Knight
0%
Standards Kate Green
0%
Public Accounts Meg Hillier
0%
Treasury Mel Stride
0%
Environment, Food and Rural Affairs Neil Parish
0%
Scottish Affairs Pete Wishart
0%
Environmental Audit Philip Dunne
0%
Northern Ireland Affairs Simon Hoare
0%
Work and Pensions Stephen Timms
0%
Public Administration and Constitutional Affairs William Wragg
0%
No matching quizzes found
Score Distribution
Percent of People with Each Score
Percentile by Number Answered
Your Score History
You have not taken this quiz